[Event "WCO2014"]
[Site "Tromso"]
[Date "2014.08.09"]
[Round "7.6"]
[WhiteID "5104297"]
[White "Guerrero Rodriguez Alejandra"]
[BlackID "2302454"]
[Black "Thorsteinsdottir Hallgerdur"]
[Result "1/2-1/2"]
[LiveChessVersion "1.4.3"]
[BlackElo "1982"]
[WhiteElo "2089"]

1. e4 {[%clk 1:29:22]} c6 {[%clk 1:30:43]} 2. d4 {[%clk 1:29:41]} d5
{[%clk 1:30:58]} 3. exd5 {[%clk 1:29:48]} cxd5 {[%clk 1:31:14]} 4. c4
{[%clk 1:30:09]} Nf6 {[%clk 1:31:17]} 5. Nc3 {[%clk 1:30:19]} Nc6
{[%clk 1:31:07]} 6. Bg5 {[%clk 1:30:13]} dxc4 {[%clk 1:31:22]} 7. Bxc4
{[%clk 1:28:38]} h6 {[%clk 1:31:28]} 8. Bf4 {[%clk 1:26:09]} e6 {[%clk 1:31:28]}
9. Nf3 {[%clk 1:26:03]} Bd6 {[%clk 1:22:40]} 10. Be5 {[%clk 1:25:38]} O-O
{[%clk 1:21:02]} 11. O-O {[%clk 1:22:38]} b6 {[%clk 1:16:42]} 12. Qe2
{[%clk 1:18:44]} Bb7 {[%clk 1:12:10]} 13. Rfd1 {[%clk 1:12:03]} Rc8
{[%clk 1:08:40]} 14. Rac1 {[%clk 1:03:24]} Qe7 {[%clk 0:55:19]} 15. a3
{[%clk 0:49:07]} Rfd8 {[%clk 0:54:26]} 16. Bd3 {[%clk 0:42:00]} Bb8
{[%clk 0:45:06]} 17. Bxb8 {[%clk 0:32:35]} Nxb8 {[%clk 0:43:01]} 18. Bb1
{[%clk 0:27:00]} Nd5 {[%clk 0:35:15]} 19. Qe4 {[%clk 0:19:26]} g6
{[%clk 0:33:02]} 20. Nxd5 {[%clk 0:18:11]} Bxd5 {[%clk 0:32:36]} 21. Qf4
{[%clk 0:16:51]} Kg7 {[%clk 0:24:39]} 22. Ne5 {[%clk 0:15:05]} Nc6
{[%clk 0:21:12]} 23. h4 {[%clk 0:11:39]} h5 {[%clk 0:18:29]} 24. Nxc6
{[%clk 0:09:34]} Bxc6 {[%clk 0:17:50]} 25. Be4 {[%clk 0:08:44]} Bxe4
{[%clk 0:15:47]} 26. Rxc8 {[%clk 0:08:37]} Rxc8 {[%clk 0:14:59]} 27. Qxe4
{[%clk 0:09:05]} Qc7 {[%clk 0:13:30]} 28. d5 {[%clk 0:08:35]} exd5
{[%clk 0:13:19]} 29. Qxd5 {[%clk 0:08:48]} Qf4 {[%clk 0:11:40]} 30. g3
{[%clk 0:08:29]} Qf6 {[%clk 0:10:23]} 31. Rd4 {[%clk 0:06:20]} Rc1+
{[%clk 0:09:25]} 32. Kg2 {[%clk 0:06:46]} Qc6 {[%clk 0:09:18]} 33. Qxc6
{[%clk 0:04:49]} Rxc6 {[%clk 0:09:42]} 34. Rd7 {[%clk 0:05:02]} a5
{[%clk 0:08:41]} 35. Rd3 {[%clk 0:05:15]} Kf6 {[%clk 0:07:16]} 36. Kf3
{[%clk 0:05:13]} Re6 {[%clk 0:06:29]} 37. Rd5 {[%clk 0:05:04]} Rc6
{[%clk 0:05:38]} 38. Rb5 {[%clk 0:04:52]} Re6 {[%clk 0:05:06]} 39. Kf4
{[%clk 0:04:38]} Rc6 {[%clk 0:04:15]} 40. f3 {[%clk 0:04:54]} Re6
{[%clk 0:02:20]} 41. g4 {[%clk 0:05:01]} hxg4 {[%clk 0:01:27]} 42. fxg4
{[%clk 0:05:00]} Kg7 {[%clk 0:29:21]} 43. h5 {[%clk 0:33:14]} gxh5
{[%clk 0:23:35]} 44. gxh5 {[%clk 0:33:11]} Kh6 {[%clk 0:21:40]} 45. Rf5
{[%clk 0:32:40]} Re2 {[%clk 0:20:20]} 46. Rf6+ {[%clk 0:32:48]} Kxh5
{[%clk 0:20:10]} 47. Rxb6 {[%clk 0:33:12]} Rf2+ {[%clk 0:17:29]} 48. Ke3
{[%clk 0:32:41]} Rh2 {[%clk 0:16:06]} 49. b3 {[%clk 0:31:31]} Kg4
{[%clk 0:14:33]} 50. Rb7 {[%clk 0:27:34]} Rh3+ {[%clk 0:13:59]} 51. Kf2
{[%clk 0:24:15]} f5 {[%clk 0:13:40]} 52. a4 {[%clk 0:23:17]} f4 {[%clk 0:12:18]}
53. Rg7+ {[%clk 0:21:53]} Kf5 {[%clk 0:12:30]} 54. Rf7+ {[%clk 0:21:53]} Ke4
{[%clk 0:12:18]} 55. Re7+ {[%clk 0:21:47]} Kd4 {[%clk 0:10:39]} 56. Rb7
{[%clk 0:20:54]} Ke4 {[%clk 0:09:36]} 57. Re7+ {[%clk 0:14:03]} Kd4
{[%clk 0:09:27]} 58. Rb7 {[%clk 0:14:22]} Ke4 {[%clk 0:09:45]} 1/2-1/2

[Event "WCO2014"]
[Site "Tromso"]
[Date "2014.08.09"]
[Round "7.7"]
[WhiteID "2303108"]
[White "Johannsdottir Johanna Bjorg"]
[BlackID "5104106"]
[Black "Real Pereyra Diana Carime"]
[Result "0-1"]
[LiveChessVersion "1.4.3"]
[BlackElo "2061"]
[WhiteElo "1862"]

1. e4 {[%clk 1:30:53]} c5 {[%clk 1:30:52]} 2. Nf3 {[%clk 1:30:42]} d6
{[%clk 1:30:54]} 3. Bb5+ {[%clk 1:30:55]} Nc6 {[%clk 1:30:48]} 4. O-O
{[%clk 1:29:59]} Bd7 {[%clk 1:26:20]} 5. Re1 {[%clk 1:29:06]} Nf6
{[%clk 1:24:51]} 6. c3 {[%clk 1:28:55]} a6 {[%clk 1:25:17]} 7. Bf1
{[%clk 1:28:54]} Bg4 {[%clk 1:25:43]} 8. d3 {[%clk 1:28:14]} g6 {[%clk 1:25:20]}
9. Nbd2 {[%clk 1:28:03]} Bh6 {[%clk 1:25:22]} 10. h3 {[%clk 1:24:37]} Bxf3
{[%clk 1:17:55]} 11. Nxf3 {[%clk 1:25:00]} Bxc1 {[%clk 1:17:57]} 12. Rxc1
{[%clk 1:22:29]} e5 {[%clk 1:16:31]} 13. Qd2 {[%clk 1:21:28]} Nh5
{[%clk 1:12:26]} 14. d4 {[%clk 1:14:55]} Qe7 {[%clk 1:10:34]} 15. d5
{[%clk 1:12:10]} Nb8 {[%clk 1:09:20]} 16. b4 {[%clk 1:12:05]} Nd7
{[%clk 1:09:10]} 17. a4 {[%clk 1:09:45]} O-O {[%clk 1:09:06]} 18. Qh6
{[%clk 1:07:26]} f6 {[%clk 1:03:42]} 19. Qe3 {[%clk 1:03:50]} Kh8
{[%clk 1:02:47]} 20. g3 {[%clk 1:02:04]} Rg8 {[%clk 0:55:44]} 21. Nh4
{[%clk 0:59:02]} Raf8 {[%clk 0:52:54]} 22. Be2 {[%clk 0:58:56]} f5
{[%clk 0:47:35]} 23. Bxh5 {[%clk 0:58:03]} f4 {[%clk 0:47:52]} 24. Qe2
{[%clk 0:57:11]} fxg3 {[%clk 0:45:00]} 25. fxg3 {[%clk 0:56:56]} gxh5
{[%clk 0:45:18]} 26. Nf5 {[%clk 0:56:49]} Rxf5 {[%clk 0:42:32]} 27. exf5
{[%clk 0:57:10]} Rxg3+ {[%clk 0:42:57]} 28. Kf2 {[%clk 0:48:50]} Qh4
{[%clk 0:40:56]} 29. Qf1 {[%clk 0:46:27]} Rxc3+ {[%clk 0:36:56]} 30. Kg1
{[%clk 0:44:48]} Rxh3 {[%clk 0:36:07]} 31. Qg2 {[%clk 0:43:57]} Rg3
{[%clk 0:35:47]} 32. Re2 {[%clk 0:44:14]} Rxg2+ {[%clk 0:34:54]} 33. Rxg2
{[%clk 0:44:39]} Qxb4 {[%clk 0:35:00]} 34. f6 {[%clk 0:44:49]} Qd4+
{[%clk 0:35:16]} 35. Kh1 {[%clk 0:45:13]} Nxf6 {[%clk 0:35:16]} 36. Rf1
{[%clk 0:45:31]} Ng4 {[%clk 0:35:10]} 37. Rf5 {[%clk 0:45:33]} Qe4
{[%clk 0:35:02]} 38. Rxh5 {[%clk 0:45:40]} Ne3 {[%clk 0:34:53]} 0-1

[Event "WCO2014"]
[Site "Tromso"]
[Date "2014.08.09"]
[Round "7.8"]
[WhiteID "5104084"]
[White "Duran Juarez Citlali"]
[BlackID "2300370"]
[Black "Kristinardottir Elsa Maria"]
[Result "0-1"]
[LiveChessVersion "1.4.3"]
[BlackElo "1839"]
[WhiteElo "1982"]

1. e4 {[%clk 1:30:57]} c6 {[%clk 1:30:54]} 2. Nc3 {[%clk 1:30:58]} d5
{[%clk 1:30:51]} 3. Nf3 {[%clk 1:30:50]} dxe4 {[%clk 1:31:06]} 4. Nxe4
{[%clk 1:30:57]} Nf6 {[%clk 1:31:08]} 5. Nxf6+ {[%clk 1:22:37]} exf6
{[%clk 1:31:29]} 6. Bc4 {[%clk 1:21:42]} Bg4 {[%clk 1:28:46]} 7. h3
{[%clk 1:16:48]} Qe7+ {[%clk 1:27:02]} 8. Qe2 {[%clk 1:14:23]} Bxf3
{[%clk 1:27:18]} 9. Qxe7+ {[%clk 1:13:33]} Bxe7 {[%clk 1:27:40]} 10. gxf3
{[%clk 1:13:58]} Nd7 {[%clk 1:24:16]} 11. d4 {[%clk 1:12:34]} O-O
{[%clk 1:22:48]} 12. Bd2 {[%clk 1:07:43]} Nb6 {[%clk 1:21:01]} 13. Bd3
{[%clk 1:02:34]} Rad8 {[%clk 1:17:52]} 14. Be3 {[%clk 0:57:57]} Rfe8
{[%clk 1:13:41]} 15. O-O-O {[%clk 0:54:53]} g6 {[%clk 1:07:28]} 16. h4
{[%clk 0:51:16]} h5 {[%clk 1:03:53]} 17. c4 {[%clk 0:44:01]} Nd7 {[%clk 0:59:32]}
18. Rdg1 {[%clk 0:39:26]} Kh7 {[%clk 0:58:58]} 19. Kc2 {[%clk 0:34:00]} Bf8
{[%clk 0:56:48]} 20. Rg2 {[%clk 0:30:41]} Bh6 {[%clk 0:54:24]} 21. f4
{[%clk 0:25:03]} f5 {[%clk 0:52:53]} 22. Rd1 {[%clk 0:17:02]} Nf8
{[%clk 0:51:31]} 23. d5 {[%clk 0:13:53]} cxd5 {[%clk 0:50:37]} 24. Bxa7
{[%clk 0:13:44]} dxc4 {[%clk 0:50:07]} 25. Bxc4 {[%clk 0:13:51]} Rxd1
{[%clk 0:49:25]} 26. Kxd1 {[%clk 0:14:11]} Ne6 {[%clk 0:48:40]} 27. a4
{[%clk 0:11:46]} Rd8+ {[%clk 0:48:25]} 28. Kc2 {[%clk 0:11:40]} Bxf4
{[%clk 0:48:09]} 29. b4 {[%clk 0:08:50]} Ra8 {[%clk 0:48:15]} 30. Bb6
{[%clk 0:08:21]} Rxa4 {[%clk 0:47:47]} 31. Kb3 {[%clk 0:08:11]} Ra1
{[%clk 0:47:03]} 32. Bd5 {[%clk 0:08:06]} Bd6 {[%clk 0:45:16]} 33. Kb2
{[%clk 0:03:36]} Be5+ {[%clk 0:45:36]} 34. Kc2 {[%clk 0:03:41]} Nf4
{[%clk 0:45:56]} 35. Bxb7 {[%clk 0:03:57]} Nxg2 {[%clk 0:45:50]} 36. Bxg2
{[%clk 0:04:23]} Bd6 {[%clk 0:42:10]} 37. b5 {[%clk 0:03:27]} Ra4
{[%clk 0:38:04]} 38. Be3 {[%clk 0:02:55]} Rxh4 {[%clk 0:35:56]} 39. b6
{[%clk 0:02:38]} f4 {[%clk 0:34:40]} 40. Bd2 {[%clk 0:01:31]} Rh2
{[%clk 0:34:40]} 41. Bd5 {[%clk 0:01:23]} Kg8 {[%clk 0:32:06]} 42. Be1
{[%clk 0:00:53]} g5 {[%clk 0:31:13]} 43. Kd3 {[%clk 0:30:32]} Kg7
{[%clk 1:00:18]} 44. Ke4 {[%clk 0:29:39]} Kg6 {[%clk 1:00:07]} 45. Bc6
{[%clk 0:29:10]} Bb8 {[%clk 0:58:32]} 46. Kd4 {[%clk 0:28:55]} g4
{[%clk 0:57:57]} 47. Be4+ {[%clk 0:28:28]} f5 {[%clk 0:57:46]} 48. Bc6
{[%clk 0:28:28]} f3 {[%clk 0:57:40]} 49. Ke3 {[%clk 0:26:20]} Bd6
{[%clk 0:56:14]} 50. b7 {[%clk 0:25:14]} Rh1 {[%clk 0:55:37]} 51. Bb4
{[%clk 0:23:38]} Bb8 {[%clk 0:55:44]} 52. Be8+ {[%clk 0:21:52]} Kf6
{[%clk 0:55:43]} 53. Bc3+ {[%clk 0:21:30]} Ke6 {[%clk 0:55:23]} 54. Bb5
{[%clk 0:20:12]} h4 {[%clk 0:54:44]} 55. Bc4+ {[%clk 0:20:09]} Ke7
{[%clk 0:54:58]} 56. Bb4+ {[%clk 0:20:02]} Kf6 {[%clk 0:53:53]} 57. Bc3+
{[%clk 0:20:13]} Kg6 {[%clk 0:54:12]} 58. Bb5 {[%clk 0:19:38]} h3
{[%clk 0:53:06]} 59. Be8+ {[%clk 0:19:28]} Kg5 {[%clk 0:53:12]} 60. Bb4
{[%clk 0:18:49]} h2 {[%clk 0:52:47]} 61. Be7+ {[%clk 0:17:06]} Kh6
{[%clk 0:53:03]} 62. Bf8+ {[%clk 0:16:39]} Kh7 {[%clk 0:53:25]} 63. Bd7
{[%clk 0:15:55]} Re1+ {[%clk 0:53:40]} 0-1

[Event "WCO2014"]
[Site "Tromso"]
[Date "2014.08.09"]
[Round "7.28"]
[WhiteID "11300230"]
[White "Mudongo Boikhutso"]
[BlackID "1901192"]
[Black "Coimbra Margarida"]
[Result "0-1"]
[LiveChessVersion "1.4.3"]
[BlackElo "2071"]
[WhiteElo "1844"]

1. e4 {[%clk 1:30:54]} e5 {[%clk 1:30:51]} 2. Nf3 {[%clk 1:31:16]} Nc6
{[%clk 1:31:09]} 3. Bb5 {[%clk 1:31:34]} a6 {[%clk 1:31:27]} 4. Bxc6
{[%clk 1:31:45]} dxc6 {[%clk 1:31:35]} 5. O-O {[%clk 1:32:05]} Bd6
{[%clk 1:31:22]} 6. d4 {[%clk 1:32:07]} exd4 {[%clk 1:31:30]} 7. Qxd4
{[%clk 1:32:02]} f6 {[%clk 1:31:26]} 8. Be3 {[%clk 1:31:43]} Be6 {[%clk 1:29:05]}
9. Nbd2 {[%clk 1:31:47]} Ne7 {[%clk 1:28:29]} 10. Qc3 {[%clk 1:30:31]} Qd7
{[%clk 1:22:55]} 11. Nc4 {[%clk 1:26:28]} Bxc4 {[%clk 1:19:40]} 12. Qxc4
{[%clk 1:22:54]} O-O-O {[%clk 1:16:32]} 13. a4 {[%clk 1:16:34]} Ng6
{[%clk 1:09:27]} 14. c3 {[%clk 0:40:22]} Rhe8 {[%clk 1:01:13]} 15. Rfe1
{[%clk 0:18:56]} Qe6 {[%clk 0:55:56]} 16. Qxe6+ {[%clk 0:18:04]} Rxe6
{[%clk 0:56:16]} 17. Nd2 {[%clk 0:18:11]} Ne5 {[%clk 0:33:49]} 18. f3
{[%clk 0:14:55]} Nd3 {[%clk 0:33:19]} 19. Reb1 {[%clk 0:15:05]} f5
{[%clk 0:27:06]} 20. Ra2 {[%clk 0:08:33]} Bf4 {[%clk 0:23:30]} 21. Bxf4
{[%clk 0:06:44]} Nxf4 {[%clk 0:23:51]} 22. Nb3 {[%clk 0:02:27]} fxe4
{[%clk 0:23:43]} 23. Nc5 {[%clk 0:02:21]} Rg6 {[%clk 0:23:19]} 24. g3
{[%clk 0:02:09]} exf3 {[%clk 0:22:34]} 25. Kf2 {[%clk 0:01:53]} Nd3+
{[%clk 0:21:36]} 26. Nxd3 {[%clk 0:02:00]} Rxd3 {[%clk 0:22:00]} 27. Re1
{[%clk 0:01:42]} Rd2+ {[%clk 0:14:31]} 28. Kxf3 {[%clk 0:01:46]} Rf6+
{[%clk 0:14:49]} 29. Kg4 {[%clk 0:01:44]} Rxh2 {[%clk 0:15:11]} 30. Raa1
{[%clk 0:01:27]} Rxb2 {[%clk 0:14:10]} 31. Rad1 {[%clk 0:01:36]} Rd6
{[%clk 0:11:24]} 32. Re8+ {[%clk 0:01:37]} Kd7 {[%clk 0:11:47]} 33. Rde1
{[%clk 0:01:46]} Rg6+ {[%clk 0:11:50]} 34. Kf3 {[%clk 0:02:04]} Rb3
{[%clk 0:08:37]} 35. R1e3 {[%clk 0:02:20]} Rxc3 {[%clk 0:08:26]} 0-1

[Event "WCO2014"]
[Site "Tromso"]
[Date "2014.08.09"]
[Round "7.27"]
[WhiteID "1909436"]
[White "Oliveira Maria Ines"]
[BlackID "11301287"]
[Black "Francis Onkemetse"]
[Result "1-0"]
[LiveChessVersion "1.4.3"]
[BlackElo "1735"]
[WhiteElo "1890"]

1. e4 {[%clk 1:30:50]} e5 {[%clk 1:30:45]} 2. Nf3 {[%clk 1:31:12]} Nc6
{[%clk 1:30:58]} 3. Bb5 {[%clk 1:31:34]} a6 {[%clk 1:30:57]} 4. Ba4
{[%clk 1:31:30]} Nf6 {[%clk 1:31:15]} 5. d3 {[%clk 1:31:50]} b5 {[%clk 1:31:22]}
6. Bb3 {[%clk 1:32:10]} Bc5 {[%clk 1:31:38]} 7. O-O {[%clk 1:31:48]} d6
{[%clk 1:31:52]} 8. c3 {[%clk 1:32:09]} h6 {[%clk 1:31:26]} 9. Nbd2
{[%clk 1:32:03]} O-O {[%clk 1:31:41]} 10. h3 {[%clk 1:31:56]} Bb6
{[%clk 1:30:11]} 11. Re1 {[%clk 1:32:01]} Re8 {[%clk 1:26:08]} 12. Nf1
{[%clk 1:30:47]} d5 {[%clk 1:24:14]} 13. Qe2 {[%clk 1:28:12]} dxe4
{[%clk 1:08:18]} 14. dxe4 {[%clk 1:28:36]} Na5 {[%clk 1:07:34]} 15. Bc2
{[%clk 1:28:56]} Qe7 {[%clk 1:07:15]} 16. Ng3 {[%clk 1:27:23]} Nc4
{[%clk 0:59:36]} 17. Nh4 {[%clk 1:20:53]} Nd6 {[%clk 0:59:08]} 18. Qf3
{[%clk 1:16:46]} Nh7 {[%clk 0:43:36]} 19. Nhf5 {[%clk 1:14:14]} Bxf5
{[%clk 0:39:51]} 20. exf5 {[%clk 1:13:40]} Nf6 {[%clk 0:36:45]} 21. Bf4
{[%clk 1:08:49]} Nc4 {[%clk 0:25:45]} 22. b3 {[%clk 1:04:13]} Qc5
{[%clk 0:22:58]} 23. Bxh6 {[%clk 0:45:41]} Nd6 {[%clk 0:12:09]} 24. Bd2
{[%clk 0:38:55]} e4 {[%clk 0:08:07]} 25. Qe3 {[%clk 0:34:35]} Qd5
{[%clk 0:04:44]} 26. Qf4 {[%clk 0:32:29]} Re5 {[%clk 0:03:24]} 27. Rad1
{[%clk 0:31:24]} Nxf5 {[%clk 0:02:48]} 28. Nxe4 {[%clk 0:23:27]} Nxe4
{[%clk 0:02:11]} 29. Bxe4 {[%clk 0:23:08]} Rxe4 {[%clk 0:02:33]} 30. Qxe4
{[%clk 0:21:02]} Qxe4 {[%clk 0:02:47]} 31. Rxe4 {[%clk 0:21:27]} Rd8
{[%clk 0:02:27]} 32. Kf1 {[%clk 0:21:29]} Kf8 {[%clk 0:02:11]} 33. Ke2
{[%clk 0:20:54]} Nd6 {[%clk 0:02:19]} 34. Be3 {[%clk 0:17:45]} Rc8
{[%clk 0:01:34]} 35. Rxd6 {[%clk 0:17:08]} Bxe3 {[%clk 0:00:59]} 36. Rxa6
{[%clk 0:17:29]} Bc5 {[%clk 0:00:57]} 37. Re5 {[%clk 0:16:50]} 1-0

[Event "WCO2014"]
[Site "Tromso"]
[Date "2014.08.09"]
[Round "7.26"]
[WhiteID "11300469"]
[White "Botlhole Kgalalelo"]
[BlackID "1923161"]
[Black "Jorge Rita Maria Osorio"]
[Result "1-0"]
[LiveChessVersion "1.4.3"]
[BlackElo "1693"]
[WhiteElo "1762"]

1. d4 {[%clk 1:30:58]} d5 {[%clk 1:30:29]} 2. c4 {[%clk 1:30:38]} dxc4
{[%clk 1:30:32]} 3. e4 {[%clk 1:30:49]} e5 {[%clk 1:28:28]} 4. d5
{[%clk 1:20:37]} Nf6 {[%clk 1:22:24]} 5. Nc3 {[%clk 1:19:59]} a6 {[%clk 1:17:01]}
6. Bxc4 {[%clk 1:15:57]} Bc5 {[%clk 1:15:06]} 7. Nf3 {[%clk 1:08:52]} Bg4
{[%clk 1:11:57]} 8. Qd3 {[%clk 0:58:09]} Qd6 {[%clk 1:06:00]} 9. h3
{[%clk 0:48:48]} Bh5 {[%clk 1:03:46]} 10. O-O {[%clk 0:44:23]} O-O
{[%clk 1:01:57]} 11. Ne2 {[%clk 0:37:31]} Bg6 {[%clk 0:56:47]} 12. Ng3
{[%clk 0:33:58]} Nh5 {[%clk 0:51:42]} 13. Nxh5 {[%clk 0:29:45]} Bxh5
{[%clk 0:48:37]} 14. a3 {[%clk 0:30:02]} Nd7 {[%clk 0:39:31]} 15. b4
{[%clk 0:18:57]} Bb6 {[%clk 0:38:49]} 16. Bb2 {[%clk 0:18:17]} Rfe8
{[%clk 0:34:35]} 17. Rac1 {[%clk 0:16:56]} Nf6 {[%clk 0:30:43]} 18. Rfd1
{[%clk 0:10:02]} Bg6 {[%clk 0:20:24]} 19. Nd2 {[%clk 0:08:42]} Nh5
{[%clk 0:14:53]} 20. Qf3 {[%clk 0:06:46]} Nf4 {[%clk 0:12:37]} 21. Kh2
{[%clk 0:06:02]} Bh5 {[%clk 0:08:27]} 22. g4 {[%clk 0:05:52]} Bg6
{[%clk 0:08:19]} 23. Nf1 {[%clk 0:04:47]} h5 {[%clk 0:03:58]} 24. Ng3
{[%clk 0:04:49]} hxg4 {[%clk 0:03:34]} 25. hxg4 {[%clk 0:04:34]} Qf6
{[%clk 0:03:11]} 26. Rh1 {[%clk 0:01:53]} Qh4+ {[%clk 0:01:59]} 27. Kg1
{[%clk 0:01:55]} Nh3+ {[%clk 0:01:17]} 28. Kg2 {[%clk 0:01:05]} Nf4+
{[%clk 0:01:28]} 29. Kg1 {[%clk 0:00:37]} Nh3+ {[%clk 0:01:22]} 30. Kg2
{[%clk 0:00:47]} Nf4+ {[%clk 0:01:25]} 31. Kf1 {[%clk 0:00:38]} Qg5
{[%clk 0:01:35]} 32. Bb3 {[%clk 0:00:32]} Qf6 {[%clk 0:01:24]} 33. a4
{[%clk 0:00:40]} Nd3 {[%clk 0:01:17]} 34. Qxf6 {[%clk 0:00:42]} gxf6
{[%clk 0:01:35]} 35. Rc2 {[%clk 0:00:41]} Nxb4 {[%clk 0:01:31]} 36. Rd2
{[%clk 0:00:35]} a5 {[%clk 0:01:28]} 37. Nf5 {[%clk 0:00:34]} Rad8
{[%clk 0:00:58]} 38. Ke2 {[%clk 0:00:41]} Na6 {[%clk 0:00:44]} 39. Ba3
{[%clk 0:00:43]} Nc5 {[%clk 0:00:44]} 40. Bc2 {[%clk 0:00:43]} Rd7
{[%clk 0:00:47]} 41. f3 {[%clk 0:00:37]} Red8 {[%clk 0:28:05]} 42. Rhd1
{[%clk 0:31:22]} Kf8 {[%clk 0:21:44]} 43. Ne3 {[%clk 0:29:59]} Ba7
{[%clk 0:16:11]} 44. Nc4 {[%clk 0:28:44]} c6 {[%clk 0:15:31]} 45. dxc6
{[%clk 0:28:07]} Rxd2+ {[%clk 0:15:07]} 46. Rxd2 {[%clk 0:28:28]} Rxd2+
{[%clk 0:15:30]} 47. Kxd2 {[%clk 0:28:50]} bxc6 {[%clk 0:15:07]} 48. Nxa5
{[%clk 0:28:36]} Ke8 {[%clk 0:13:51]} 49. Nxc6 {[%clk 0:28:48]} Bb6
{[%clk 0:13:54]} 50. a5 {[%clk 0:27:33]} Bxa5+ {[%clk 0:09:31]} 51. Nxa5
{[%clk 0:27:51]} Na6 {[%clk 0:09:50]} 52. Ba4+ {[%clk 0:26:58]} Kd8
{[%clk 0:10:08]} 53. Nc4 {[%clk 0:25:51]} 1-0

[Event "WCO2014"]
[Site "Tromso"]
[Date "2014.08.09"]
[Round "7.25"]
[WhiteID "1928147"]
[White "Correia Sandra Ventura"]
[BlackID "11301317"]
[Black "Francis Thapelo"]
[Result "1-0"]
[LiveChessVersion "1.4.3"]
[BlackElo "1723"]
[WhiteElo "1763"]

1. e4 {[%clk 1:30:59]} e5 {[%clk 1:30:42]} 2. Nf3 {[%clk 1:31:20]} Nc6
{[%clk 1:30:26]} 3. d4 {[%clk 1:31:31]} exd4 {[%clk 1:30:28]} 4. Bc4
{[%clk 1:31:37]} Bc5 {[%clk 1:30:34]} 5. c3 {[%clk 1:31:19]} Nf6 {[%clk 1:30:31]}
6. e5 {[%clk 1:31:04]} d5 {[%clk 1:30:08]} 7. Bb5 {[%clk 1:29:05]} Ne4
{[%clk 1:29:10]} 8. cxd4 {[%clk 1:28:47]} Bb4+ {[%clk 1:29:07]} 9. Bd2
{[%clk 1:28:45]} Bxd2+ {[%clk 1:25:16]} 10. Nbxd2 {[%clk 1:28:54]} O-O
{[%clk 1:24:31]} 11. Nxe4 {[%clk 1:20:45]} dxe4 {[%clk 1:24:29]} 12. Bxc6
{[%clk 1:18:00]} bxc6 {[%clk 1:24:20]} 13. Ng1 {[%clk 1:18:21]} Qg5
{[%clk 1:21:31]} 14. g3 {[%clk 1:11:49]} Rd8 {[%clk 1:17:10]} 15. Rc1
{[%clk 1:11:52]} Bb7 {[%clk 1:17:08]} 16. Ne2 {[%clk 1:10:23]} Qh6
{[%clk 1:12:02]} 17. Qa4 {[%clk 1:04:38]} e3 {[%clk 1:05:59]} 18. O-O
{[%clk 1:03:31]} exf2+ {[%clk 0:58:41]} 19. Rxf2 {[%clk 1:03:53]} Qg6
{[%clk 0:55:53]} 20. Rcf1 {[%clk 0:38:47]} Rd7 {[%clk 0:50:33]} 21. Rf5
{[%clk 0:37:44]} h6 {[%clk 0:42:27]} 22. R1f4 {[%clk 0:32:24]} Bc8
{[%clk 0:36:36]} 23. Rf1 {[%clk 0:28:04]} Bb7 {[%clk 0:34:27]} 24. Nc3
{[%clk 0:27:21]} Bc8 {[%clk 0:21:06]} 25. R5f4 {[%clk 0:25:54]} a6
{[%clk 0:16:00]} 26. Ne4 {[%clk 0:25:50]} Rd5 {[%clk 0:07:17]} 27. Nc5
{[%clk 0:25:19]} Bh3 {[%clk 0:06:52]} 28. Re1 {[%clk 0:22:13]} a5
{[%clk 0:04:58]} 29. Qb3 {[%clk 0:16:39]} Rad8 {[%clk 0:04:24]} 30. Qc3
{[%clk 0:12:07]} Rb8 {[%clk 0:03:47]} 31. b3 {[%clk 0:11:54]} Ra8
{[%clk 0:03:13]} 32. Qf3 {[%clk 0:08:56]} h5 {[%clk 0:03:11]} 33. Qc3
{[%clk 0:08:09]} Qh6 {[%clk 0:02:59]} 34. Rc1 {[%clk 0:07:33]} Bg4
{[%clk 0:02:17]} 35. Ne4 {[%clk 0:06:45]} Bd7 {[%clk 0:02:31]} 36. Qc4
{[%clk 0:06:26]} Be8 {[%clk 0:01:49]} 37. Nc3 {[%clk 0:04:52]} Rdd8
{[%clk 0:02:10]} 38. Rcf1 {[%clk 0:04:57]} Qg6 {[%clk 0:02:15]} 39. Ne4
{[%clk 0:04:53]} Rd5 {[%clk 0:01:22]} 40. h4 {[%clk 0:03:38]} Rad8
{[%clk 0:00:45]} 41. Ng5 {[%clk 0:03:57]} R5d7 {[%clk 0:00:54]} 42. e6
{[%clk 0:02:45]} fxe6 {[%clk 0:00:58]} 43. Rf8# 1-0

[Event "WCO2014"]
[Site "Tromso"]
[Date "2014.08.09"]
[Round "7.1"]
[WhiteID "3001822"]
[White "Colombo Camila"]
[BlackID "5600464"]
[Black "Aguilar Filipina"]
[Result "1-0"]
[LiveChessVersion "1.4.3"]
[BlackElo "1820"]
[WhiteElo "2107"]

1. d4 {[%clk 1:30:57]} Nf6 {[%clk 1:30:52]} 2. c4 {[%clk 1:31:22]} g6
{[%clk 1:31:16]} 3. Nc3 {[%clk 1:31:39]} d5 {[%clk 1:31:40]} 4. cxd5
{[%clk 1:32:01]} Nxd5 {[%clk 1:32:04]} 5. e4 {[%clk 1:32:26]} Nxc3
{[%clk 1:32:28]} 6. bxc3 {[%clk 1:32:52]} Bg7 {[%clk 1:32:52]} 7. Bc4
{[%clk 1:33:16]} c5 {[%clk 1:32:58]} 8. Ne2 {[%clk 1:33:01]} Nc6 {[%clk 1:33:23]}
9. Be3 {[%clk 1:33:26]} O-O {[%clk 1:32:44]} 10. O-O {[%clk 1:33:50]} Qa5
{[%clk 1:33:04]} 11. Rb1 {[%clk 1:25:17]} a6 {[%clk 1:25:12]} 12. Qc1
{[%clk 1:20:03]} b5 {[%clk 1:19:22]} 13. Bd5 {[%clk 1:18:59]} Bb7
{[%clk 1:19:25]} 14. Bxc6 {[%clk 1:17:13]} Bxc6 {[%clk 1:19:29]} 15. d5
{[%clk 1:17:39]} Bb7 {[%clk 1:15:47]} 16. Bxc5 {[%clk 1:17:43]} Qxa2
{[%clk 1:15:21]} 17. Qe3 {[%clk 1:11:34]} Rfe8 {[%clk 1:12:46]} 18. h4
{[%clk 1:08:08]} Rac8 {[%clk 1:12:20]} 19. Bb4 {[%clk 1:05:07]} f5
{[%clk 0:50:05]} 20. h5 {[%clk 0:30:44]} fxe4 {[%clk 0:40:37]} 21. hxg6
{[%clk 0:31:09]} Qxd5 {[%clk 0:40:11]} 22. gxh7+ {[%clk 0:30:16]} Kh8
{[%clk 0:39:52]} 23. Rbd1 {[%clk 0:27:11]} Qf5 {[%clk 0:26:22]} 24. Ng3
{[%clk 0:18:32]} Qg4 {[%clk 0:25:49]} 25. Rfe1 {[%clk 0:13:57]} Rc6
{[%clk 0:17:43]} 26. Qxe4 {[%clk 0:12:19]} Qxe4 {[%clk 0:13:05]} 27. Nxe4
{[%clk 0:10:22]} Rc4 {[%clk 0:13:00]} 28. Nd6 {[%clk 0:10:25]} exd6
{[%clk 0:03:54]} 29. Rxe8+ {[%clk 0:10:43]} Kxh7 {[%clk 0:03:22]} 30. Rxd6
{[%clk 0:11:01]} Rg4 {[%clk 0:03:13]} 31. g3 {[%clk 0:11:10]} a5 {[%clk 0:02:42]}
32. Re7 {[%clk 0:07:12]} Ba8 {[%clk 0:02:26]} 33. Bc5 {[%clk 0:04:47]} Ra4
{[%clk 0:01:54]} 34. f4 {[%clk 0:05:16]} Ra1+ {[%clk 0:02:11]} 35. Kf2
{[%clk 0:05:39]} Ra2+ {[%clk 0:02:03]} 36. Ke3 {[%clk 0:03:53]} b4
{[%clk 0:01:51]} 37. Bd4 {[%clk 0:03:42]} b3 {[%clk 0:01:31]} 38. Rxg7+ 1-0